LEADER 01004nam a2200253 i 4500 001 000000166167 003 CaOOAMICUS 005 20231107113912.0 008 071107s1942 it u000 u ita u 013 $a143535 040 $aSeMil$bita 100 1 $aVasella, Giovanni.$0(OLS)http://semarc/name/62643 245 10$aPoesie e prose /$cdi don Giovanni Vasella ; pubblicate da Alcide Vasella. 260 $aPoschiavo :$bF. Menghini,$c1942. 300 $a145 p., [1] p. di ritratto ;$c21 cm. 500 $aContiene : Appendice. 650 4$aPoschiavo .$0(OLS)http://semarc/subject/7633 650 4$aDialetti svizzeri.$0(OLS)http://semarc/subject/54687 700 1 $aVasella, Alcide.$0(OLS)http://semarc/name/62644 850 $aSeMil 852 $aSeMil$W1$xVenegono$y1$m1O II 85$j117338$B117338$CSeMilBibl$Z2$F128077 $81 996 $6245$aPoesie e prose$9(OLS)http://semarc/title/46091 996 $6260$aPoschiavo :$bF. Menghini$9(OLS)http://semarc/publisher/48646 LEADER 00839nam a2200169 i 4500 001 000000182270 003 CaOOAMICUS 005 20091017000000.0 008 091017n it u000 u ita u 013 $a160209 040 $aSeMil$bita 245 10$aPanegirici ed orazioni funebri ; Discorsi varii ; Meditazioni e considerazioni ; Selva di pensieri, esempi e riflessioni divote. 300 $a528 p. 773 0 $tOpere del padre Carlo Ambrogio Cattaneo della Compagnia di Gesł.$bNuova edizione diligentemente riveduta.$dMilano : Oliva e C., 1903.$g3$w()22183 850 $aSeMil 852 $aSeMil$W1$xVenegono$y1$m3D IV 169$j132974$B132974$CSeMilBibl$Z2$F144760 $81 996 $6245$aPanegirici ed orazioni funebri ; Discorsi varii ; Meditazioni e considerazioni ; Selva di pensieri, esempi e riflessioni divote$9(OLS)http://semarc/title/261571